000 nam a22 7a 4500
999 _c7279
_d7279
008 170803b xxu||||| |||| 00| 0 eng d
100 _93818
_aBinkley J. Luther
245 _aConflict of Ideals
260 _aNew York
_bVan Nostrand Company
_c1969